<?xml version="1.0" encoding="UTF-8"?><collection xmlns="info:lc/xmlns/marcxchange-v2"><record format="Unimarc" type="bibliographic"><leader>00845nam  2200253   450 </leader><controlfield tag="001">3134042</controlfield><controlfield tag="003">http://id.bnportugal.gov.pt/bib/porbase/3134042</controlfield><datafield ind1=" " ind2=" " tag="010"><subfield code="a">0-297-78498-6</subfield></datafield><datafield ind1=" " ind2=" " tag="035"><subfield code="a">(bn)2068350</subfield></datafield><datafield ind1=" " ind2=" " tag="100"><subfield code="a">20210504d1984    m  y0pory01030103ba</subfield></datafield><datafield ind1="0" ind2=" " tag="101"><subfield code="a">eng</subfield></datafield><datafield ind1=" " ind2=" " tag="102"><subfield code="a">GB</subfield></datafield><datafield ind1=" " ind2=" " tag="105"><subfield code="a">ag  z   001yb</subfield></datafield><datafield ind1=" " ind2=" " tag="106"><subfield code="a">r</subfield></datafield><datafield ind1="1" ind2=" " tag="200"><subfield code="a">Händel and his world</subfield><subfield code="f">H. C. Robbins Landon</subfield></datafield><datafield ind1=" " ind2="9" tag="210"><subfield code="a">London</subfield><subfield code="c">Weidenfeld and Nicolson</subfield><subfield code="d">cop. 1984</subfield></datafield><datafield ind1=" " ind2=" " tag="215"><subfield code="a">256 p.</subfield><subfield code="c">il., not. mus.</subfield><subfield code="d">28 cm</subfield></datafield><datafield ind1=" " ind2=" " tag="317"><subfield code="a">Coleção Cremilde e Gerhard Doderer</subfield><subfield code="5">PTBN: DOD.B. 58</subfield></datafield><datafield ind1=" " ind2="1" tag="600"><subfield code="a">Händel</subfield><subfield code="b">Georg Friedrich</subfield><subfield code="f">1685-1759</subfield><subfield code="2">SIPOR</subfield><subfield code="3">2404700</subfield></datafield><datafield ind1=" " ind2=" " tag="606"><subfield code="a">Compositores</subfield><subfield code="j">[Biografias]</subfield><subfield code="2">SIPOR</subfield><subfield code="3">1605288</subfield></datafield><datafield ind1=" " ind2=" " tag="606"><subfield code="a">Músicos</subfield><subfield code="j">[Biografias]</subfield><subfield code="2">SIPOR</subfield><subfield code="3">1607747</subfield></datafield><datafield ind1=" " ind2=" " tag="675"><subfield code="a">78.07Händel, George Frideric</subfield><subfield code="v">BN</subfield><subfield code="z">por</subfield><subfield code="3">1614936</subfield></datafield><datafield ind1=" " ind2="1" tag="700"><subfield code="a">Landon</subfield><subfield code="b">H. C. Robbins</subfield><subfield code="f">1926-2009</subfield><subfield code="3">1977029</subfield></datafield><datafield ind1=" " ind2="0" tag="801"><subfield code="a">PT</subfield><subfield code="b">BN</subfield><subfield code="g">RPC</subfield></datafield><datafield ind1=" " ind2=" " tag="966"><subfield code="l">BN</subfield><subfield code="m">MUSICA</subfield><subfield code="s">DOD.B. 58</subfield><subfield code="x">3</subfield></datafield></record></collection>